Les pokémon de la troisième génération - Statistiques

Statistiques générales
  • Ce quiz a été pris 145 fois
  • Le résultat moyen est 90 sur 135
Statistiques - réponses
Hint Réponse % Correct
255 Poussifeu
98%
257 Braségali
95%
383 Groudon
95%
252 Arcko
93%
256 Galifeu
93%
382 Kyogre
93%
384 Rayquaza
93%
258 Gobou
91%
254 Jungko
91%
260 Laggron
91%
253 Massko
88%
263 Zigzaton
88%
386 Deoxys
86%
259 Flobio
86%
276 Nirondelle
86%
269 Papinox
86%
277 Hélédelle
84%
385 Jirachi
84%
264 Linéon
84%
268 Blindalys
82%
267 Charmillon
82%
265 Chenipotte
82%
373 Drattak
82%
310 Elecsprint
82%
380 Latias
82%
381 Latios
82%
279 Bekipan
80%
278 Goélise
80%
376 Métalosse
80%
378 Regice
80%
377 Regirock
80%
379 Registeel
80%
266 Armulys
79%
371 Draby
79%
309 Dynavolt
79%
262 Grahyèna
79%
261 Médhyèna
79%
334 Altaria
77%
323 Camérupt
77%
375 Métang
75%
319 Sharpedo
75%
324 Chartor
73%
305 Galegon
73%
304 Galekid
73%
307 Galeking
73%
273 Grainipiot
73%
330 Libégon
73%
272 Ludicolo
73%
350 Milobellus
73%
289 Monaflémit
73%
287 Parecool
73%
337 Séléroc
73%
338 Solaroc
73%
275 Tengalice
73%
349 Barpau
71%
322 Chamallot
71%
312 Négapi
71%
270 Nénupiot
71%
274 Pifeuil
71%
311 Posipi
71%
357 Tropius
71%
288 Vigoroth
71%
282 Gardevoir
70%
281 Kirlia
70%
328 Kraknoix
70%
369 Relicanth
70%
280 Tarsal
70%
374 Terhal
70%
333 Tylton
70%
329 Vibraninf
70%
366 Coquiperl
68%
372 Drakhaus
68%
320 Wailmer
68%
321 Wailord
68%
295 Brouhabam
66%
318 Carvanha
66%
293 Chuchmur
66%
271 Lombre
66%
355 Skélénox
66%
308 Charmina
64%
296 Makuhita
64%
335 Mangriff
64%
307 Méditikka
64%
363 Obalie
64%
336 Séviper
64%
348 Armaldo
63%
297 Hariyama
63%
365 Kaimorse
63%
345 Lilia
63%
356 Téraclope
63%
346 Vacilys
63%
354 Branette
61%
353 Polichombr
61%
294 Ramboum
61%
368 Rosabyss
61%
367 Serpang
61%
347 Anorith
59%
292 Munja
59%
362 Oniglali
59%
299 Tarinor
59%
302 Ténéfix
59%
331 Cacnea
57%
332 Cacturne
57%
291 Ninjask
57%
364 Phogleur
55%
361 Stalgamin
55%
359 Absol
54%
343 Balbuto
54%
315 Rosélia
54%
286 Chapignon
52%
344 Kaorine
52%
351 Morphéo
52%
290 Ningale
52%
285 Balignon
50%
327 Spinda
50%
352 Kecleon
48%
370 Lovdisc
46%
303 Mysdibule
46%
301 Delcatty
45%
300 Skitty
45%
317 Avaltout
41%
298 Azurill
41%
360 Okéoké
41%
283 Arakdo
39%
358 Eoko
38%
314 Lumivole
38%
340 Barbicha
36%
284 Maskadra
36%
313 Muciole
36%
339 Barloche
34%
342 Colhomard
34%
341 Ecrapince
34%
325 Spoink
34%
326 Groret
32%
316 Gloupti
20%
Aucun quiz correspondant
Distribution des résultats
% des personnes avec chaque résultat
Percentile par nombre de réponses
Votre historique - résultats
Vous n’avez pas pris ce quiz